Statistics for Super Smash Bros. Fighters #55 - The Pac-Man Quiz

Click here to take the quiz!

General Stats

  • This quiz has been taken 28 times
  • The average score is 7 of 10

Answer Stats

Hint Answer % Correct
What are the names of the
ghosts in Pac-Man?
Inky
100%
What are the names of the ghosts in Pac-Man?Blinky
95%
What are the names of the ghosts in Pac-Man?Pinky
95%
What are the names of the ghosts in Pac-Man?Clyde
86%
What year was Pac-Man created?1980
86%
What company created Pac-Man as well as help develop Smash Bros?Namco
82%
Pac-Man grossed more than $1 Billion, surpassing the highest-grossing film of the time. What is the name of that sci-fi movie?Star Wars
59%
Pac-Man was originally called what name, before the creators realized that one could easily vandalize it?Puck-Man
50%
What stage in the original Pac-Man would cause half of the screen to glitch out?256
36%
What company published Pac-Man in the west and helped develop Ms. Pac-Man without the above’s consent?Midway
23%

Score Distribution

Percentile by Number Answered

Percent of People with Each Score

Your Score History

You have not taken this quiz